Gares sur les lignes entre Poitiers et la Rochelle / Royan - Statistiques

Statistiques générales
  • Ce quiz a été pris 57 fois
  • Le résultat moyen est 9 sur 25
Statistiques - réponses
Embranchement Département Gare % Correct
0 Deux-Sèvres (79) Niort
87%
0 Vienne (86) Poitiers
87%
1 Charente-Maritime (17) Royan
83%
1 (17) Saintes
73%
0 Charente-Maritime (17) Surgères
54%
0 (79) Saint-Maixent-l'Ecole
44%
0 (86) Lusignan
40%
1 (17) Saint-Jean-d'Angély
40%
1 (17) Saujon
37%
0 (17) Aigrefeuille - Le Thou
33%
0 (79) La Crèche
33%
0 Deux-Sèvres (79) Mauzé
33%
0 Vienne (86) Rouillé
31%
0 Charente-Maritime (17) La Rochelle-Ville
29%
0 Deux-Sèvres (79) Pamproux
27%
0 (17) La Jarrie
21%
1 (79) Fors
17%
0 (79) La Motte - Saint-Héray
17%
1 (79) Beauvoir-sur-Niort
13%
1 (17) Loulay
10%
1 (79) Marigny
10%
0 (79) Prin-Deyrançon
10%
1 Deux-Sèvres (79) Prissé-la-Charrière
10%
1 (17) Saint-Hilaire-Brizambourg
10%
1 Charente-Maritime (17) Villeneuve-la-Comtesse
6%
Aucun quiz correspondant
Distribution des résultats
% des personnes avec chaque résultat
Percentile par nombre de réponses
Votre historique - résultats
Vous n’avez pas pris ce quiz